000
00331cam a2200145ua 4500
003
OSt
008
250405b |||||||| |||| 00| 0 eng d
041
_a
eng
082
_a
624.15136
_b
SCI/SO
245
_a
Soil mechanics /
250
_a
1 /
260
_a
Jodhpur :
_b
Scientific Publishers ,
_c
1985.
300
_a
; .
942
_c
BK
999
_c
2859
_d
2859